000 00477nam a2200169 a 4500
005 20140412111243.0
008 010719s19uu xx 00 eng d
020 _a0-307-03025-3
050 _aER
_bPo75 1984
100 _aHammond, Lucille
245 _aPolly's pet /
_cby Lucille Hammon; illustrated by Amye Rosenberg.
260 _aNew York :
_bA Golden Book,
_c1984.
300 _a1v. (unp.) ; ill.
650 _aPets-Stories
650 _aPets-Fiction
999 _c102815
_d102815